X-7 UZAYI KEŞFEDİYORUM AY (Record no. 587466)

MARC details
000 -LEADER
sabit uzunluktaki kontrol alanı 00280nam a2200109Ia 4500
001 - KONTROL NUMARASI
kontrol alanı 587466
005 - EN SON İŞLEMİN TARİH VE ZAMANI
kontrol alanı 20250717113817.0
008 - SABİT-UZUNLUKTA VERİ ÖĞELERİ--GENEL BİLGİ
sabit uzunluktaki kontrol alanı 250717s9999 xx 000 0 und d
245 #0 - ESER / YAZAR
ESER ADI X-7 UZAYI KEŞFEDİYORUM AY
Yazar Adı ŞEBNEM ÖZDEMİRCİ
260 ## - YAYIN, DAĞITIM, VB.
YAYIN EVİ BETA YAYINLARI
Yayın, dağıtım tarihi, vb. 2021
300 ## - FİZİKSEL AÇIKLAMA
Diğer fiziksel ayrıntılar 18

No items available.